LEADER 01189nam 2200361 450 001 9910209338003321 005 20231206165722.0 010 $a1-5044-3796-9 035 $a(CKB)3710000001403050 035 $a(NjHacI)993710000001403050 035 $a(EXLCZ)993710000001403050 100 $a20231206d2017 uy 0 101 0 $aeng 135 $aur||||||||||| 181 $ctxt$2rdacontent 182 $cc$2rdamedia 183 $acr$2rdacarrier 200 10$aANSI C63.27-2017 $eAmerican National Standard for Evaluation of Wireless Coexistence /$fIEEE 210 1$aNew York :$cIEEE,$d2017. 215 $a1 online resource (77 pages) 330 $aAn evaluation process and supporting test methods are provided in this standard to quantify the ability of a wireless device to coexist with other wireless services in its intended radio frequency (RF) environments. 517 $aANSI C63.27-2017 606 $aCoexistence 606 $aImmunity 615 0$aCoexistence. 615 0$aImmunity. 676 $a616.07 801 0$bNjHacI 801 1$bNjHacl 906 $aDOCUMENT 912 $a9910209338003321 996 $aANSI C63.27-2017$93647006 997 $aUNINA LEADER 01205nam0 22003253i 450 001 RMS0023096 005 20251003044343.0 010 $a0727302051 100 $a19950909d1984 ||||0itac50 ba 101 | $aeng 102 $agb 181 1$6z01$ai $bxxxe 182 1$6z01$an 200 1 $aˆThe ‰boundary element method for engineers$fC. A. Brebbia 205 $a2. rev. ed.$breprinted with corrections 210 $aLondon$aPlymouth$cPentech press$dc1984 215 $a189 p.$d23 cm. 606 $aMetodo degli elementi finiti$2FIR$3CFIC036384$9I 676 $a515$9ANALISI MATEMATICA$v14 676 $a515.62$9CALCOLO DELLE DIFFERENZE FINITE$v22 700 1$aBrebbia$b, Carlos Alberto$3MILV005430$4070$03898 790 1$aBrebbia$b, C. A.$3MILV167708$zBrebbia, Carlos Alberto 801 3$aIT$bIT-000000$c19950909 850 $aIT-BN0095 901 $bNAP 01$cSALA DING $n$ 912 $aRMS0023096 950 0$aBiblioteca Centralizzata di Ateneo$b1 v.$c1 v.$d 01SALA DING 515 BRE.bo$e 0102 0000001075 VMA A4 1 v.$fY $h19930406$i19930406 977 $a 01 996 $aBoundary element method for engineers$977937 997 $aUNISANNIO